000 00211nam a2200109Ia 4500
100 _a#N/A
650 _aELECTRONICS
942 _cBK
245 _aVirtual Reality technology
260 _b#N/A
546 _aENGLISH
999 _c23730
_d23730